Statistiken für ASEAN-Mitgliedsländer

Klicken Sie hier um das Quiz zu spielen!

Allgemein

  • Dieses Quiz wurde 54 mal gespielt
  • Das Durchschnittsergebnis liegt bei 9 aus 10

Antwortstatistiken

Antwort% Korrekt
2.Indonesien
96%
9.Thailand
96%
10.Vietnam
96%
3.Kambodscha
91%
5.Malaysia
91%
6.Myanmar
91%
8.Singapur
91%
4.Laos
89%
7.Philippinen
84%
1.Brunei
80%

Verteilung der Resultate

Perzentil nach korrekt beantworteten Fragen

Anzahl Personen mit jedem Resultat

Ihre Resultats-Entwicklung

Sie haben dieses Quiz noch nicht gespielt